000 00565nam a22001937a 4500
005 20150921112634.0
010 _aENG-113784
020 _a9789351434726
_c150.00
035 _aEN-97316
037 _bDBAD/PUB
082 _a347.54077
100 _aSharma, Kriti
245 _aSpecific relief act/
_cby Kriti Sharma
260 _aGurgaon
_bLexisNexis
_c2015
270 _a14th Floor, Building No.10, Tower-B, DLF Cyber City, Phase-II
_bGurgaon
_e122002
300 _ax,235p.
_c23cm(pbk)
760 _b4th ed
942 _2ddc
_cEN
_mSHA
_h347.54077
999 _c95469
_d95469